| 000 | 00889nam a22003137a 4500 | ||
|---|---|---|---|
| 001 | 0074 | ||
| 003 | DO-SdBNP | ||
| 005 | 20180118105325.0 | ||
| 007 | 0074 | ||
| 008 | 151028b sp 1988 xxu||||| |||| 00| 0 spa d | ||
| 020 | _a8475254837 | ||
| 040 |
_aBPMSU _bspa _cBPMSU |
||
| 041 | 1 | 7 |
_aspa _heng |
| 092 |
_axxxxxxx _bxxxxxxx |
||
| 100 | 1 | 0 |
_aWallace, Edgar _d1875-1932 |
| 245 | 1 | 3 |
_aEl circulo carmesí / _bEdgar Wallace; traducción Luis Sánchez-Bardón ; ilustración Mario Lacoma |
| 246 | 1 | 0 | _aThe crimson circle |
| 260 |
_aMadrid, España : _bAnaya, _c1988 |
||
| 300 |
_a256 p. : _bil., _c19 cm. |
||
| 490 | 1 | 0 | _aTus libros |
| 490 | 1 | 0 |
_aPoliciacos _v81 |
| 700 | 1 | 0 |
_aSánchez-Bardón, Luis, _etr. |
| 700 | 1 | 0 |
_aLacoma, Mario, _eil. |
| 830 | 0 | 0 | _aTus libros |
| 830 | 0 | 0 |
_aPoliciacos _n81 |
| 942 |
_2ddc _cBK |
||
| 945 | _ainventariado, 2018 / dg | ||
| 956 | _aBrenda Tavárez | ||
| 999 |
_c8489 _d8489 |
||